| 000 | 00661nam a2200229Ia 4500 | ||
|---|---|---|---|
| 003 | OSt | ||
| 005 | 20221007082022.0 | ||
| 006 | a|||||r|||| 00| 0 | ||
| 007 | ta | ||
| 008 | 221006b |||||||| |||| 00| 0 eng d | ||
| 024 | _a2,826 | ||
| 037 | _cTextual | ||
| 040 |
_aFLL _cFLL _beng |
||
| 041 |
_2eng _aeng |
||
| 082 | _aD6:48:Z, L7 | ||
| 100 |
_aMatte N.M. Au. _9688858 |
||
| 245 | 0 |
_aAerospace law _b From scientific exploration to commercial utilization |
|
| 260 |
_aToronto _bThe Carswell Company Limited Canada _c1977 |
||
| 650 | _aAerospace law | ||
| 942 |
_hD6:48:Z, L7 _cTEXL _2CC |
||
| 999 |
_c1165057 _d1165057 |
||